| 000 | 00501nam a2200181 a 4500 | ||
|---|---|---|---|
| 005 | 20260322212049.0 | ||
| 008 | data | ||
| 010 | _a65-11340 | ||
| 096 | _aWL 102 L974h 1966 | ||
| 100 | 1 |
_aLuria, Aleksandr Romanovich, _d1902- |
|
| 245 | 1 | 0 |
_aHigher cortical functions in man/ _cAleksandr Romanovich Luria. |
| 260 |
_aNew York _bBasic Books _cc1966 |
||
| 300 |
_axvi, 513 p. ; _c illus. |
||
| 500 | _aBibliography: p. 471-502. | ||
| 650 | 0 | 2 |
_aBrain _xdrug effects |
| 650 | 0 | 2 | _aCerebral Cortex |
| 001 | data | ||
| 999 |
_c1156 _d1156 |
||